000 00643nam a2200169Ia 4500
008 090123s9999 xx 000 0 und d
082 _b33644
100 _aजायस्वाल जयनारायण
245 _aनैसर्गिक सौंदर्य रक्षण
250 _a2
260 _bराम रहिम
600 _aजायस्वाल जयनारायण
630 _aनैसर्गिक सौंदर्य रक्षण
700 _aजायस्वाल जयनारायण
730 _aनैसर्गिक सौंदर्य रक्षण
942 _cBOOK
999 _c71703
_d71703